| 000 | 00783cam a2200229 a 4500 | ||
|---|---|---|---|
| 001 | 000004012 | ||
| 005 | 20200929150650.0 | ||
| 008 | 760220s1984 sp 000 f spa | ||
| 020 | _a8401490588 | ||
| 040 |
_aDO-SdBNP _bspa _cBNPHU |
||
| 082 |
_a813.54 _bL716c |
||
| 100 | 1 |
_aLieberman, Herbert H., _d1933- _912006 |
|
| 245 | 1 | 3 |
_aLa ciudad de los muertos / _cHerbert Lieberman ; traducción, Eduardo Goligorsky. |
| 260 |
_aBarcelona : _bPlaza & Janés, _c1984. |
||
| 300 |
_a382 p. ; _c18 cm. |
||
| 490 | 1 |
_aLos JET de la Paza & Janés _v58 |
|
| 534 |
_aTítulo original: _tCity of the dead. |
||
| 650 | 4 |
_aNovela estadounidense _9262 |
|
| 650 | 4 |
_aLiteratura estadounidense _9263 |
|
| 700 | 1 |
_aGoligorsky, Eduardo, _etr. _910661 |
|
| 830 | 0 |
_aLos JET de la Paza & Janés ; _n58 _912007 |
|
| 999 |
_c3831 _d3831 |
||